00602nam a22001697a 4500003000900000008004100009040007100050082001700121100001800138245011700156260004100273300002800314440003300342505002200375650002100397650001400418AR-CdUCM190503b ||||| |||| 00| 0 spa d aMUNICIPALIDAD PROVINCIAL DEL CUSCOcBIBLIOTECA MUNICIPAL DEL CUSCO a868.6 /bG77 aGrau, Jacinto aEntre llamas :btragedia en tres actos y un epílogo. Conseja galante; cuento ingenuo en actos y un epílogo / aBuenos Aires :bEdit. Losada,c1948. a143 páginas ;c19 cm. aBiblioteca contemporánea ; aContenido: Teatro aTeatro español aSiglo XX.